000 00697nam a2200289Ia 4500
005 20260324123912.0
008 008 260324s9999 xx 000 0 eng d
020 _a9780429110702
037 _aEBOOK
040 _aCRL
040 _beng
040 _cCRL
041 _2eng
041 _aeng
084 _qCRL
100 _aGwo-Hshiung Tzeng; Jih-Jeng Huang
_91161811
245 0 _aMultiple Attribute Decision Making
245 0 _bMethods and Applications
260 _bTaylor and Francis
260 _c2011
365 _a
365 _b370
856 _uhttp://www.taylorfrancis.com/books/9780429110702
942 _cEBOOK
999 _c1766000
_d1766000